Gen 1 PokeDex - Statistics

General Stats
  • This quiz has been taken 7 times
  • The average score is 86 of 150
Answer Stats
Answer % Correct
Blastoise
100%
Bulbasaur
100%
Butterfree
100%
Charizard
100%
Charmander
100%
Eevee
100%
Gengar
100%
Magikarp
100%
Mew
100%
Mewtwo
100%
Nidorina
100%
Nidorino
100%
Pikachu
100%
Raichu
100%
Rattata
100%
Squirtle
100%
Vulpix
100%
Abra
75%
Alakazam
75%
Arbok
75%
Arcanine
75%
Articuno
75%
Beedrill
75%
Caterpie
75%
Charmeleon
75%
Clefairy
75%
Cloyster
75%
Dragonair
75%
Dragonite
75%
Dratini
75%
Ekans
75%
Fearow
75%
Flareon
75%
Gastly
75%
Geodude
75%
Golbat
75%
Goldeen
75%
Golem
75%
Graveler
75%
Growlithe
75%
Gyarados
75%
Haunter
75%
Ivysaur
75%
Jigglypuff
75%
Jolteon
75%
Kadabra
75%
Kakuna
75%
Lapras
75%
Machamp
75%
Machoke
75%
Machop
75%
Meowth
75%
Metapod
75%
Moltres
75%
Nidoking
75%
Nidoqueen
75%
Nidoran
75%
Ninetales
75%
Onix
75%
Persian
75%
Pidgeot
75%
Pidgeotto
75%
Pidgey
75%
Raticate
75%
Rhydon
75%
Rhyhorn
75%
Shellder
75%
Spearow
75%
Venusaur
75%
Victreebel
75%
Wartortle
75%
Weedle
75%
Weepinbell
75%
Zapdos
75%
Zubat
75%
Aerodactyl
50%
Bellsprout
50%
Clefable
50%
Dewgong
50%
Drowzee
50%
Electabuzz
50%
Exeggcute
50%
Exeggutor
50%
Gloom
50%
Hitmonchan
50%
Hitmonlee
50%
Hypno
50%
Kabuto
50%
Kabutops
50%
Kangaskhan
50%
Koffing
50%
Magmar
50%
Mankey
50%
Oddish
50%
Paras
50%
Parasect
50%
Ponyta
50%
Primeape
50%
Scyther
50%
Seaking
50%
Seel
50%
Snorlax
50%
Starmie
50%
Staryu
50%
Tangela
50%
Vileplume
50%
Weezing
50%
Cubone
25%
Diglett
25%
Ditto
25%
Dugtrio
25%
Electrode
25%
Golduck
25%
Grimer
25%
Horsea
25%
Jynx
25%
Kingler
25%
Krabby
25%
Lickitung
25%
Magnemite
25%
Magneton
25%
Marowak
25%
Mr. Mime
25%
Muk
25%
Omanyte
25%
Omastar
25%
Poliwag
25%
Poliwhirl
25%
Poliwrath
25%
Porygon
25%
Psyduck
25%
Rapidash
25%
Sandshrew
25%
Sandslash
25%
Seadra
25%
Slowbro
25%
Slowpoke
25%
Tentacool
25%
Tentacruel
25%
Venomoth
25%
Venonat
25%
Voltorb
25%
Chansey
0%
Dodrio
0%
Doduo
0%
Farfetch'd
0%
Pinsir
0%
Tauros
0%
Vaporen
0%
No matching quizzes found
Score Distribution
Percent of People with Each Score
Percentile by Number Answered
Your Score History
You have not taken this quiz